01329naa#a2200289#i#4500001001600000005001700016011001400033100004100047101000800088102000700096200018300103210010900286215001000395606004600405608004500451675009900496686003800595686005600633686003700689686003500726700006000761700005200821700005200873700005400925700004800979856001201027RU\\bibl\12620020260702013153.4##a1681-1208##a20260701b2026####ek#y0rusy0150####ca0#aENG##aRU1#aLong-Term Earthquake Prediction by S. A. Fedotov for the Kuril–Kamchatka Arc and the Kamchatka Megathrust Earthquake of July 29, 2025. RevieweЖурнальная статья1#aМоскваcГеофизический центр Российской Академии Наукd2026##a0 с.##aНауки о Земле. 05.00.002local##aЖурнальная статья2local##aГеология. Геологические и геофизические науки. 55zENG##aНауки о Земле. 262bbk##aНауки о Земле. Экология. 632tbk##aГЕОФИЗИКА. 37.002grnti##aГЕОЛОГИЯ. 38.002grnti#1aГвишианиgАлексей Джерменович#1aГликоgАлександр Олегович#1aДзебоевgБорис Аркадьевич#1aДзерановgБорис Витальевич#1aКедровgЭрнест Олегович4#arjes.ru